| 000 | 01476nam0a22003491 4500 | ||
|---|---|---|---|
| 001 | RU\NLR\INFOCOMM_190\5000064650 | ||
| 005 | 20250613094832.0 | ||
| 035 | _a(NLR Aleph) 009276667 | ||
| 090 |
_a9135570 _c9135570 |
||
| 100 | _a20100906d1982 |||y0rusy50 ca | ||
| 101 | 0 |
_aeng _drus |
|
| 102 | _aRU | ||
| 105 | _ay ||||000|y | ||
| 200 | 1 |
_aOn a busy period of discretized GI/GI/ ∞ queue _fA. Dvurečenskij, G. A. Ososkov |
|
| 210 |
_aДубна _cОбъед. ин-т ядер. исслед. _d1982 |
||
| 215 |
_a7 с. _d22 см |
||
| 225 | 1 |
_aОбъединенный институт ядерных исследований, Дубна _vЕ5-82-855 |
|
| 300 | _aНа 3-й с. обл.: О периоде занятости дискретной системы массового обслуживания GI/GI/ ∞ / Двуреченский А., Ососков Г. А. | ||
| 300 | _aРез. на рус. яз. | ||
| 300 | _a"Submitted to "Aplikace matematiky" | ||
| 320 | _aБиблиогр.: с. 7 | ||
| 606 |
_aМассовое обслуживание _xСистемы _2nlr_sh1 |
||
| 686 |
_aВ175.3 _2rubbk |
||
| 700 | 1 |
_9z01790 _aDvurečenskij _bA. V. _gAnatolij Vasil'evič _4070 |
|
| 701 | 1 |
_9z02790 _aOsoskov _bG. A. _f1931- _gGennadij Alekseevič _4070 |
|
| 790 | 1 |
_9z01700 _aDvurečenskij _bA. _4070 |
|
| 790 | 1 |
_9z02701 _aOsoskov _bG. A. _4070 |
|
| 801 | 1 |
_aRU _bNLR _c20100906 |
|
| 801 | 0 |
_aRU _bNLR _gPSBO |
|
| 852 |
_aNLR _jМт01 Д-6/18 |
||
| 942 | _cBOOK | ||
| 980 | _aNB | ||